Shivarathri - Kannada Nataka (Record no. 194157)

000 -LEADER
fixed length control field 00423nam a22001577a 4500
005 - DATE AND TIME OF LATEST TRANSACTION
control field 20221116123240.0
008 - FIXED-LENGTH DATA ELEMENTS--GENERAL INFORMATION
fixed length control field 221116b ||||| |||| 00| 0 eng d
040 ## - CATALOGING SOURCE
Transcribing agency AACR 2
082 ## - DEWEY DECIMAL CLASSIFICATION NUMBER
Classification number 894.8141 CHA
100 ## - MAIN ENTRY--PERSONAL NAME
Personal name Kambara, Chandrasekara
9 (RLIN) 14244
245 ## - TITLE STATEMENT
Title Shivarathri - Kannada Nataka
260 ## - PUBLICATION, DISTRIBUTION, ETC.
Place of publication, distribution, etc. Bengaluru
Name of publisher, distributor, etc. Ankitha Prakashana
Date of publication, distribution, etc. 2013
300 ## - PHYSICAL DESCRIPTION
Extent 102p.
650 ## - SUBJECT ADDED ENTRY--TOPICAL TERM
Topical term or geographic name entry element Kannada Literature
9 (RLIN) 14245
942 ## - ADDED ENTRY ELEMENTS (KOHA)
Source of classification or shelving scheme
Koha item type Gift Books
Holdings
Withdrawn status Lost status Source of classification or shelving scheme Damaged status Not for loan Collection code Home library Current library Shelving location Date acquired Total Checkouts Full call number Barcode Date last seen Date last checked out Price effective from Koha item type
          Humanity Science Central Library Central Library Book Cart 11/16/2022 1 894.8141 KAM GF1482 01/05/2023 12/05/2022 11/16/2022 Gift Books

Powered by Koha